[Event "1. RSCO"]
[Site "Rostock"]
[Date "2002"]
[Round "1.1"]
[White "Mephisto Lyon 32 Bit"]
[Black "Mephisto Montreux"]
[Result "0-1"]
[WhiteElo "2155"]
[BlackElo "2196"]
[PlyCount "52"]
[EventDate "2002.??.??"]
[EventType "tourn"]
[EventRounds "7"]
[EventCountry "GER"]

1. e4 e5 2. Nf3 Nf6 3. d4 exd4 4. e5 Ne4 5. Qxd4 d5 6. exd6 Nxd6 7. Nc3 Nc6 8.
Qf4 Bf5 9. Qa4 Be7 10. Be3 Bf6 11. Bb5 Bxc3+ 12. bxc3 Be4 13. Be2 O-O 14. O-O
Qf6 15. Ng5 Rfe8 16. Nxe4 Nxe4 17. Bd3 Nxc3 18. Qb3 b6 19. Bd2 Ne2+ 20. Kh1
Rad8 21. Rad1 Nf4 22. Bb5 Nd4 23. Qb2 Re5 24. Ba6 Nxg2 25. Kxg2 Qf3+ 26. Kg1
Re4 0-1

[Event "1. RSCO"]
[Site "Rostock"]
[Date "2002"]
[Round "1.2"]
[White "Mephisto Montreux"]
[Black "Mephisto Lyon 32 Bit"]
[Result "1-0"]
[WhiteElo "2196"]
[BlackElo "2155"]
[PlyCount "67"]
[EventDate "2002.??.??"]
[EventType "tourn"]
[EventRounds "7"]
[EventCountry "GER"]

1. d4 d5 2. c4 dxc4 3. e4 e5 4. Nf3 Bb4+ 5. Bd2 Bxd2+ 6. Qxd2 exd4 7. Qxd4 Qxd4
8. Nxd4 Nf6 9. Nc3 O-O 10. Bxc4 Bd7 11. O-O Nc6 12. Nxc6 Bxc6 13. f3 Rfe8 14.
Rad1 Rad8 15. Bb5 Bxb5 16. Nxb5 Rc8 17. Nxa7 Ra8 18. Nb5 Rxa2 19. Nxc7 Rc8 20.
Rd2 g6 21. Nb5 Rc5 22. Rd8+ Kg7 23. Nc3 Ra6 24. Rfd1 Rca5 25. b4 Re5 26. f4 Rh5
27. e5 Ng4 28. h3 Ne3 29. R1d7 Rc6 30. Rd3 Nc2 31. Nd5 Ra6 32. g4 Rh4 33. Kf2
Ra2 34. Nf6 1-0

[Event "1. RSCO"]
[Site "Rostock"]
[Date "2002"]
[Round "1.3"]
[White "Mephisto Vancouver 32 Bit"]
[Black "Magellan"]
[Result "1-0"]
[WhiteElo "2161"]
[BlackElo "2191"]
[PlyCount "187"]
[EventDate "2002.??.??"]
[EventType "tourn"]
[EventRounds "7"]
[EventCountry "GER"]

1. d4 d5 2. c4 c6 3. cxd5 cxd5 4. Nf3 Nf6 5. Nc3 Nc6 6. Bf4 Bf5 7. e3 e6 8. Bb5
Nd7 9. Qa4 Qb6 10. Nh4 Bg4 11. f3 Be7 12. O-O Bxh4 13. fxg4 O-O 14. Bd6 Rfc8
15. Qa3 Nf6 16. Bc5 Qd8 17. h3 Bg5 18. Rae1 a6 19. Bd3 b6 20. Bd6 b5 21. Kh1
Bh6 22. Nd1 Qb6 23. Bc5 Qb8 24. Re2 Nd7 25. Bd6 Qb6 26. Rff2 Nf6 27. Bb1 Rd8
28. Qc5 Qxc5 29. Bxc5 Rac8 30. Rf3 Rd7 31. Nc3 Na5 32. b3 Nb7 33. b4 Nd6 34.
Bc2 Nfe4 35. Nxe4 dxe4 36. Rg3 Bg5 37. h4 Bxh4 38. Rh3 Be7 39. Rf2 h6 40. Kg1
Rdc7 41. Kf1 f6 42. Bb3 Kf7 43. Rf4 Re8 44. Rh5 Bf8 45. Ke2 Rcc8 46. Re5 g6 47.
a3 Rcd8 48. Rf2 Bg7 49. Rf1 Bh8 50. Rf2 Rd7 51. Rf1 Bg7 52. Rf2 Nc4 53. Bxc4
bxc4 54. Rxe4 Bh8 55. Rf1 Rc8 56. Rc1 Rdc7 57. Rxc4 e5 58. Rc1 Ke6 59. dxe5
fxe5 60. Rd1 Rc6 61. Rc4 Bf6 62. e4 Bg5 63. Rd5 Rf8 64. g3 Be7 65. Rc1 Rfc8 66.
Kf2 Rf8+ 67. Kg2 Rfc8 68. Rc3 R8c7 69. Rc2 Bg5 70. Rf2 Rb7 71. Rf8 Bf6 72. Rg8
Kf7 73. Ra8 Bg7 74. Rd6 Rxd6 75. Bxd6 Rb6 76. Ra7+ Kg8 77. Bc5 Rc6 78. Kf2 g5
79. Ke2 Rf6 80. Re7 Rc6 81. Rd7 Bh8 82. a4 a5 83. Kd3 axb4 84. Kc4 b3 85. Rb7
Bg7 86. Rxb3 Bf8 87. Rb5 Bxc5 88. Rxc5 Rf6 89. Rxe5 Rf3 90. a5 Rxg3 91. a6 Ra3
92. Kb5 Kf7 93. Kb6 h5 94. a7 1-0

[Event "1. RSCO"]
[Site "Rostock"]
[Date "2002"]
[Round "1.4"]
[White "Magellan"]
[Black "Mephisto Vancouver 32 Bit"]
[Result "1-0"]
[WhiteElo "2191"]
[BlackElo "2161"]
[PlyCount "91"]
[EventDate "2002.??.??"]
[EventType "tourn"]
[EventRounds "7"]
[EventCountry "GER"]

1. e4 e5 2. Nf3 Nc6 3. Bc4 Nf6 4. Ng5 d5 5. exd5 Na5 6. Bb5+ c6 7. dxc6 bxc6 8.
Qf3 Rb8 9. Bxc6+ Nxc6 10. Qxc6+ Nd7 11. d3 Be7 12. Nf3 Bb7 13. Qa4 Bxf3 14.
gxf3 Bb4+ 15. c3 Qa5 16. Qc6 Be7 17. Rg1 Qc5 18. Qa4 g6 19. Nd2 Rb7 20. Nc4 O-O
21. Ne3 Bf6 22. Qe4 Qb5 23. a4 Qa6 24. b4 Rfb8 25. Ng4 Qe6 26. Qc4 Qxc4 27.
Nxf6+ Nxf6 28. dxc4 Rc8 29. c5 Nd5 30. Bb2 Rd7 31. Rd1 Rdd8 32. Rd2 Nf4 33. Bc1
Nd3+ 34. Ke2 Nf4+ 35. Kd1 Nh3 36. Rf1 Rxd2+ 37. Bxd2 Kg7 38. Ke2 Kf6 39. Rd1
Kf5 40. Be3 Rc7 41. b5 Nf4+ 42. Bxf4 exf4 43. b6 Rb7 44. a5 Re7+ 45. Kf1 axb6
46. cxb6 1-0

[Event "1. RSCO"]
[Site "Rostock"]
[Date "2002"]
[Round "1.5"]
[White "TASC CM 16 MHz - King 2.54"]
[Black "Mephisto Polgar"]
[Result "1-0"]
[WhiteElo "2370"]
[BlackElo "1971"]
[PlyCount "93"]
[EventDate "2002.??.??"]
[EventType "tourn"]
[EventRounds "7"]
[EventCountry "GER"]

1. e4 e6 2. d4 d5 3. Nc3 Bb4 4. e5 c5 5. a3 Bxc3+ 6. bxc3 Ne7 7. Qg4 Qc7 8.
Qxg7 Rg8 9. Qxh7 cxd4 10. Kd1 Qxc3 11. Rb1 Nbc6 12. Nf3 b6 13. Qh3 Bb7 14. Bd3
Rd8 15. Re1 Rc8 16. Ke2 Qa5 17. Kf1 Ba6 18. Qh7 Bc4 19. Kg1 b5 20. Bb2 Qb6 21.
Rbc1 a5 22. Red1 Rd8 23. Rb1 Rd7 24. Bf1 Qc5 25. Bxd4 Nxd4 26. Nxd4 Bxf1 27.
Kxf1 Rb7 28. Kg1 Rg4 29. Qh8+ Rg8 30. Qh3 Ng6 31. Qe3 Rh8 32. Qg5 Ne7 33. a4 b4
34. Rd2 Rg8 35. Qh5 Qb6 36. Rb3 Ng6 37. Nb5 Re7 38. Nd6+ Kd7 39. Qg5 Qc6 40.
Nb5 Rh8 41. c3 Qc4 42. Qe3 Qxb3 43. Qa7+ Kc8 44. Nd6+ Kd8 45. Qb8+ Kd7 46. Qb7+
Kd8 47. Qc8# 1-0

[Event "1. RSCO"]
[Site "Rostock"]
[Date "2002"]
[Round "1.6"]
[White "Mephisto Polgar"]
[Black "TASC CM 16 MHz - King 2.54"]
[Result "0-1"]
[WhiteElo "1971"]
[BlackElo "2370"]
[PlyCount "66"]
[EventDate "2002.??.??"]
[EventType "tourn"]
[EventRounds "7"]
[EventCountry "GER"]

1. d4 d5 2. c4 c6 3. Nf3 e6 4. Nc3 Nf6 5. e3 Nbd7 6. Bd3 Be7 7. O-O O-O 8. e4
dxe4 9. Nxe4 b6 10. Bf4 c5 11. Nd6 Nh5 12. Be5 Nxe5 13. Nxe5 Qxd6 14. Qxh5 f5
15. Qf3 Ba6 16. Nc6 Bf6 17. Rad1 Bb7 18. d5 Bxb2 19. Rfe1 Rfe8 20. Bc2 exd5 21.
Rxe8+ Rxe8 22. Qxd5+ Qxd5 23. cxd5 g6 24. Bb3 b5 25. Na5 Ba8 26. d6+ c4 27.
Nxc4 bxc4 28. d7 Rd8 29. Bxc4+ Kf8 30. Bb5 Ke7 31. Re1+ Kd6 32. Re8 Bf6 33. a3
Bc6 0-1

[Event "1. RSCO"]
[Site "Rostock"]
[Date "2002"]
[Round "1.7"]
[White "Mephisto MMV"]
[Black "Mephisto RISC 2"]
[Result "0-1"]
[WhiteElo "1979"]
[BlackElo "2200"]
[PlyCount "86"]
[EventDate "2002.??.??"]
[EventType "tourn"]
[EventRounds "7"]
[EventCountry "GER"]

1. e4 e5 2. Nf3 Nc6 3. Bc4 Nf6 4. d4 exd4 5. O-O Nxe4 6. Re1 d5 7. Bxd5 Qxd5 8.
Nc3 Qa5 9. Nxe4 Be6 10. Neg5 O-O-O 11. Nxe6 fxe6 12. Rxe6 Bd6 13. Qe2 Qh5 14.
h3 Rde8 15. Bd2 Ne5 16. Nxd4 Qxe2 17. Rxe8+ Rxe8 18. Nxe2 Nc4 19. Be3 Nxb2 20.
Re1 Nc4 21. Nd4 Re5 22. Nf3 Ra5 23. Ra1 Nxe3 24. fxe3 Ra3 25. e4 Rc3 26. e5
Bc5+ 27. Kh2 Rxc2 28. a4 Kd7 29. Rb1 Ra2 30. Rxb7 Rxa4 31. Rb3 Re4 32. Rb5 Kc6
33. Rb2 Bb4 34. Rc2+ Kb6 35. g4 c5 36. Kg2 a5 37. Rb2 Kb5 38. Kf2 c4 39. g5 Ka4
40. Rb1 c3 41. Rd1 Kb3 42. Rb1+ Ka2 43. Rf1 c2 0-1

[Event "1. RSCO"]
[Site "Rostock"]
[Date "2002"]
[Round "1.8"]
[White "Mephisto RISC 2"]
[Black "Mephisto MMV"]
[Result "1-0"]
[WhiteElo "2200"]
[BlackElo "1979"]
[PlyCount "99"]
[EventDate "2002.??.??"]
[EventType "tourn"]
[EventRounds "7"]
[EventCountry "GER"]

1. e4 e6 2. d4 d5 3. Nc3 Bb4 4. e5 c5 5. Bd2 Nc6 6. Nb5 Bxd2+ 7. Qxd2 Nxd4 8.
Nxd4 cxd4 9. f4 Ne7 10. Qxd4 Bd7 11. Nf3 Nf5 12. Qf2 Qa5+ 13. c3 Qa4 14. Qd2
Qe4+ 15. Kf2 Qa4 16. Bd3 Rc8 17. Bxf5 exf5 18. Qxd5 Bc6 19. Qd4 Qa6 20. Rhd1
O-O 21. Nh4 Be4 22. a3 f6 23. exf6 Rxf6 24. Rd2 Rh6 25. g3 Re8 26. Rad1 Rhe6
27. c4 Rc8 28. Qc3 Qb6+ 29. Kf1 Rce8 30. Rd7 R6e7 31. R1d6 Rxd7 32. Rxd7 Qh6
33. Kg1 Rf8 34. Qe5 Qf6 35. Kf2 Qh6 36. b4 Bc6 37. Rc7 a6 38. a4 Kh8 39. h3 Re8
40. Nxf5 Rxe5 41. Nxh6 Re8 42. Nf5 g6 43. Nd6 Rb8 44. g4 Kg8 45. f5 gxf5 46.
gxf5 Rf8 47. b5 axb5 48. axb5 Bh1 49. Kg3 b6 50. Rc6 1-0

[Event "1. RSCO"]
[Site "Rostock"]
[Date "2002"]
[Round "2.1"]
[White "Mephisto Vancouver 32 Bit"]
[Black "TASC CM 16 MHz - King 2.54"]
[Result "0-1"]
[WhiteElo "2161"]
[BlackElo "2370"]
[PlyCount "110"]
[EventDate "2002.??.??"]
[EventType "tourn"]
[EventRounds "7"]
[EventCountry "GER"]

1. e4 e5 2. Nf3 f5 3. Nxe5 Nc6 4. Nxc6 dxc6 5. Nc3 Bc5 6. d3 Nf6 7. Be2 fxe4 8.
dxe4 Qe7 9. O-O O-O 10. Bf3 Qe5 11. g3 Bh3 12. Bf4 Qe7 13. Re1 Rad8 14. Qe2 b5
15. Rad1 Nd7 16. Bxc7 Rc8 17. Bf4 Ne5 18. a4 b4 19. Nb1 Qe6 20. Bxe5 Qxe5 21.
c3 Rb8 22. Kh1 Be6 23. Kg2 bxc3 24. Nxc3 Rf6 25. Rd3 Bc4 26. Rd8+ Rxd8 27.
Qxc4+ Kh8 28. Rd1 Rdf8 29. Rd3 Bxf2 30. b4 Be1 31. Ne2 Rd6 32. Rxd6 Qxd6 33.
Nd4 Qxb4 34. Qxb4 Bxb4 35. Nxc6 Bc5 36. e5 Rf5 37. a5 Kg8 38. g4 Rf4 39. Kg3
Ra4 40. g5 Ra3 41. Kg4 Kf8 42. Be4 g6 43. h4 Ra4 44. Kf3 Rc4 45. e6 Rc3+ 46.
Kg2 a6 47. Nb8 Bd6 48. Nxa6 Ra3 49. Bf3 Ke7 50. Be2 Rxa5 51. Kh3 Kxe6 52. Bg4+
Kd5 53. Bf3+ Kd4 54. Bb7 Ra3+ 55. Kg2 Rg3+ 0-1

[Event "1. RSCO"]
[Site "Rostock"]
[Date "2002"]
[Round "2.2"]
[White "TASC CM 16 MHz - King 2.54"]
[Black "Mephisto Vancouver 32 Bit"]
[Result "1-0"]
[WhiteElo "2370"]
[BlackElo "2161"]
[PlyCount "117"]
[EventDate "2002.??.??"]
[EventType "tourn"]
[EventRounds "7"]
[EventCountry "GER"]

1. e4 e5 2. Nf3 Nc6 3. Bb5 Bb4 4. c3 Ba5 5. Na3 Bb6 6. Nc4 Nf6 7. d4 O-O 8. Bg5
exd4 9. e5 dxc3 10. exf6 Re8+ 11. Kf1 h6 12. Nxb6 axb6 13. Bc1 Qxf6 14. Qc2
cxb2 15. Bxb2 Qf4 16. Qc3 f6 17. Bc4+ Kh8 18. Bf7 Re7 19. Qc4 Qxc4+ 20. Bxc4 d6
21. Re1 Rxe1+ 22. Kxe1 Bg4 23. Ke2 Ne5 24. Bxe5 fxe5 25. h3 Bxf3+ 26. Kxf3 c6
27. Ke3 d5 28. Bb3 g5 29. h4 g4 30. h5 Rg8 31. Rb1 Rg5 32. Bc2 b5 33. Bg6 Kg7
34. a4 g3 35. axb5 d4+ 36. Kf3 c5 37. fxg3 Kf6 38. Ra1 c4 39. Ra7 d3 40. Rxb7
e4+ 41. Bxe4 Rxh5 42. Rc7 Rh1 43. Rxc4 d2 44. Rc6+ Kg7 45. Bc2 d1=Q+ 46. Bxd1
Rxd1 47. b6 Rb1 48. Ke4 Rb5 49. Kd4 h5 50. Kc4 Rb2 51. Kc5 Kh7 52. Rc7+ Kg6 53.
Kc6 Kf5 54. Rh7 Kg6 55. Rh8 Rc2+ 56. Kd7 Rb2 57. Kc7 Rc2+ 58. Kb8 Kg7 59. Rxh5
1-0

[Event "1. RSCO"]
[Site "Rostock"]
[Date "2002"]
[Round "2.3"]
[White "Mephisto Montreux"]
[Black "Magellan"]
[Result "1/2-1/2"]
[WhiteElo "2196"]
[BlackElo "2191"]
[PlyCount "205"]
[EventDate "2002.??.??"]
[EventType "tourn"]
[EventRounds "7"]
[EventCountry "GER"]

1. d4 Nf6 2. c4 e6 3. Nc3 Bb4 4. Qc2 c5 5. dxc5 O-O 6. Nf3 Na6 7. Bg5 Nxc5 8.
Nd2 d6 9. e3 h6 10. Bh4 b6 11. Be2 Bb7 12. O-O Bxc3 13. bxc3 Rc8 14. f3 Qe7 15.
Nb3 Rfd8 16. Rad1 a6 17. e4 Bc6 18. Nxc5 bxc5 19. Rfe1 Rb8 20. Bf2 Rd7 21. Qd2
Ne8 22. Rb1 Rdb7 23. Bd3 Nc7 24. Rxb7 Rxb7 25. e5 d5 26. Qc2 Rb8 27. cxd5 exd5
28. Bh7+ Kh8 29. Bf5 Ne6 30. Qd3 Rb6 31. Be3 Nc7 32. Qd2 Ba8 33. a4 Bb7 34. a5
Rc6 35. Bf4 Nb5 36. Bd3 d4 37. c4 Nc3 38. Qc1 Na2 39. Qb2 Nb4 40. Bf5 Bc8 41.
Be4 Rc7 42. Bg3 Be6 43. Rc1 Rd7 44. Bf4 Qd8 45. Qa3 d3 46. Be3 d2 47. Rd1 Bxc4
48. Qc3 Be2 49. Rxd2 Rxd2 50. Bxd2 Qxa5 51. Be3 c4 52. Bd4 Kg8 53. e6 fxe6 54.
Bxg7 Qg5 55. Bf6 Qf4 56. Bh8 Qf8 57. Qd4 Bd3 58. Be5 Qe7 59. Ba8 Qg5 60. f4 Qh4
61. g3 Qe7 62. Bg2 Na2 63. Qb6 c3 64. Qb8+ Qf8 65. Qc7 c2 66. Bb2 Bf5 67. Bf3
a5 68. Bg2 h5 69. h3 a4 70. g4 hxg4 71. hxg4 Bd3 72. Qc6 Qe7 73. Qc8+ Kf7 74.
f5 c1=Q+ 75. Bxc1 Nxc1 76. fxe6+ Qxe6 77. Qxc1 Qb6+ 78. Kh2 Qd6+ 79. Kh3 a3 80.
Qd2 Kg7 81. Qc3+ Kg6 82. Qh8 Kf7 83. Qc3 Ke6 84. Qg7 Qe5 85. Qf8 Qe3+ 86. Kh4
Bg6 87. Qg8+ Kf6 88. Qd8+ Kg7 89. Bd5 Qe1+ 90. Kh3 Qe5 91. Qg8+ Kh6 92. Qf8+
Kg5 93. Qf3 Qe7 94. Ba8 Qh7+ 95. Kg2 Qa7 96. Kg3 Qb8+ 97. Kh3 Qh8+ 98. Kg2 Qb2+
99. Kh3 a2 100. Qe3+ Kf6 101. Bd5 Bb1 102. Qe6+ Kg5 103. Qe3+ 1/2-1/2

[Event "1. RSCO"]
[Site "Rostock"]
[Date "2002"]
[Round "2.4"]
[White "Magellan"]
[Black "Mephisto Montreux"]
[Result "1/2-1/2"]
[WhiteElo "2191"]
[BlackElo "2196"]
[PlyCount "87"]
[EventDate "2002.??.??"]
[EventType "tourn"]
[EventRounds "7"]
[EventCountry "GER"]

1. d4 Nf6 2. c4 e6 3. Nc3 d5 4. cxd5 exd5 5. Bf4 Bd6 6. Be5 Nc6 7. Bxf6 Qxf6 8.
Nxd5 Qxd4 9. Qxd4 Nxd4 10. O-O-O Nc6 11. Nf3 O-O 12. e3 Be6 13. Be2 Rad8 14.
Nc3 Rfe8 15. Rd2 Nb4 16. a3 Na2+ 17. Nxa2 Bxa2 18. Kc2 Be6 19. Rhd1 Re7 20. Nd4
Bd7 21. Bf3 Rb8 22. h3 a5 23. Rd3 Ba4+ 24. b3 Bd7 25. a4 Bc5 26. Kc3 c6 27. Ne2
Bf5 28. Rd8+ Re8 29. Rxb8 Rxb8 30. g4 Bb4+ 31. Kb2 Be6 32. Nf4 Rf8 33. Bh1 Bc8
34. Rd4 f5 35. g5 Bc5 36. Rd1 Re8 37. h4 Bb4 38. Bg2 g6 39. Bf3 Kg7 40. Kc2 Bc5
41. Kc3 Ba3 42. Kc4 Bb4 43. Bg2 Kg8 44. Bh1 1/2-1/2

[Event "1. RSCO"]
[Site "Rostock"]
[Date "2002"]
[Round "2.5"]
[White "Mephisto Lyon 32 Bit"]
[Black "Mephisto MMV"]
[Result "0-1"]
[WhiteElo "2155"]
[BlackElo "1979"]
[PlyCount "62"]
[EventDate "2002.??.??"]
[EventType "tourn"]
[EventRounds "7"]
[EventCountry "GER"]

1. e4 e5 2. Bc4 Nf6 3. d3 c6 4. Nf3 d5 5. Bb3 Bd6 6. Nc3 d4 7. Ne2 Bg4 8. Ng3
Bb4+ 9. Kf1 Nbd7 10. h3 Bxf3 11. Qxf3 O-O 12. a3 Ba5 13. Nf5 Ne8 14. Qg4 Kh8
15. Ke2 g6 16. Nh6 Nd6 17. f4 f5 18. exf5 gxf5 19. Qh5 e4 20. dxe4 Nf6 21. Qf3
fxe4 22. Qg3 Qb6 23. a4 e3 24. Qg5 Qa6+ 25. Kf3 Nde4 26. Qh4 Nd5 27. Kxe4 Rae8+
28. Kf3 Rxf4+ 29. Qxf4 Nxf4 30. Kxf4 Qe2 31. Nf7+ Kg7 0-1

[Event "1. RSCO"]
[Site "Rostock"]
[Date "2002"]
[Round "2.6"]
[White "Mephisto MMV"]
[Black "Mephisto Lyon 32 Bit"]
[Result "0-1"]
[WhiteElo "1979"]
[BlackElo "2155"]
[PlyCount "68"]
[EventDate "2002.??.??"]
[EventType "tourn"]
[EventRounds "7"]
[EventCountry "GER"]

1. e4 d6 2. d4 Nf6 3. Nc3 g6 4. Nf3 Bg7 5. h3 O-O 6. Be3 c6 7. a4 Qc7 8. Bd3
Qb6 9. Ra2 Rd8 10. O-O Nbd7 11. a5 Qc7 12. Ra1 Nf8 13. b4 e5 14. Ng5 d5 15.
exd5 exd4 16. Bxd4 Ng4 17. hxg4 Bxd4 18. Qd2 h6 19. Nf3 Bg7 20. g5 hxg5 21.
Nxg5 Qe7 22. Nge4 cxd5 23. Nc5 Qh4 24. Rfb1 Ne6 25. Nxe6 Bxe6 26. a6 b6 27. Qe1
Bd4 28. Ra3 Kg7 29. Ne2 Rh8 30. Kf1 Qh1+ 31. Ng1 Rh2 32. Ke2 Qxg2 33. Kd2 Qg5+
34. Kd1 Rh1 0-1

[Event "1. RSCO"]
[Site "Rostock"]
[Date "2002"]
[Round "2.7"]
[White "Mephisto RISC 2"]
[Black "Mephisto Polgar"]
[Result "1-0"]
[WhiteElo "2200"]
[BlackElo "1971"]
[PlyCount "39"]
[EventDate "2002.??.??"]
[EventType "tourn"]
[EventRounds "7"]
[EventCountry "GER"]

1. d4 Nf6 2. Nf3 d5 3. c4 c6 4. Nc3 dxc4 5. a4 Bg4 6. Ne5 Bh5 7. f3 Nfd7 8.
Nxc4 e5 9. e4 Qh4+ 10. g3 Qf6 11. dxe5 Qxf3 12. Nd6+ Bxd6 13. Qxd6 Qxh1 14. Bg5
f6 15. exf6 Nxf6 16. e5 Ng8 17. Qe6+ Kf8 18. Qf5+ Bf7 19. O-O-O Nd7 20. Rxd7
1-0

[Event "1. RSCO"]
[Site "Rostock"]
[Date "2002"]
[Round "2.8"]
[White "Mephisto Polgar"]
[Black "Mephisto RISC 2"]
[Result "0-1"]
[WhiteElo "1971"]
[BlackElo "2200"]
[PlyCount "134"]
[EventDate "2002.??.??"]
[EventType "tourn"]
[EventRounds "7"]
[EventCountry "GER"]

1. d4 d5 2. c4 dxc4 3. Nf3 Nf6 4. e3 e6 5. Bxc4 c5 6. O-O a6 7. a4 Nc6 8. Qe2
Qc7 9. Nc3 Bd6 10. Rd1 O-O 11. h3 e5 12. d5 Na5 13. e4 Nxc4 14. Qxc4 Bd7 15.
Bg5 Nh5 16. Rab1 Rac8 17. Be3 Nf4 18. Ra1 Rce8 19. Nd2 Be7 20. b4 Rc8 21. Bxf4
exf4 22. b5 a5 23. Nf3 Qd6 24. e5 Qh6 25. d6 Bd8 26. Nd5 Qe6 27. Qxf4 f6 28.
Qd2 Kh8 29. Nf4 Qf7 30. Qc2 fxe5 31. Nxe5 Qxf4 32. Nxd7 Qf5 33. Qxf5 Rxf5 34.
Rac1 h5 35. Rc4 g5 36. Re1 Kh7 37. Re8 Rd5 38. Rxc5 Rcxc5 39. Nxc5 Rxd6 40.
Nxb7 Rd1+ 41. Kh2 Bb6 42. Re7+ Kh8 43. Re6 Bxf2 44. Rh6+ Kg7 45. Rd6 Bg1+ 46.
Kg3 Ra1 47. Rd7+ Kf6 48. Kf3 Rxa4 49. Rd6+ Ke7 50. Rg6 Rf4+ 51. Ke2 Rf2+ 52.
Ke1 a4 53. Ra6 a3 54. Rxa3 Rb2 55. Rc3 Rxb5 56. Rc7+ Ke6 57. Rh7 h4 58. Nd8+
Ke5 59. Re7+ Kf4 60. Ne6+ Kg3 61. Kf1 Bf2 62. Re8 Rb1+ 63. Ke2 Re1+ 64. Kd2 Re3
65. Kc2 Kxg2 66. Re7 Bg3 67. Re8 g4 0-1

[Event "1. RSCO"]
[Site "Rostock"]
[Date "2002"]
[Round "3.1"]
[White "Magellan"]
[Black "Mephisto MMV"]
[Result "1/2-1/2"]
[WhiteElo "2191"]
[BlackElo "1979"]
[PlyCount "28"]
[EventDate "2002.??.??"]
[EventType "tourn"]
[EventRounds "7"]
[EventCountry "GER"]

1. d4 d5 2. Nf3 Nf6 3. c4 c6 4. Nc3 dxc4 5. a4 Bf5 6. e3 e6 7. Bxc4 Bb4 8. O-O
O-O 9. Qe2 Nbd7 10. e4 Bg6 11. Na2 Be7 12. Nc3 Bb4 13. Na2 Be7 14. Nc3 Bb4
1/2-1/2

[Event "1. RSCO"]
[Site "Rostock"]
[Date "2002"]
[Round "3.2"]
[White "Mephisto MMV"]
[Black "Magellan"]
[Result "0-1"]
[WhiteElo "1979"]
[BlackElo "2191"]
[PlyCount "64"]
[EventDate "2002.??.??"]
[EventType "tourn"]
[EventRounds "7"]
[EventCountry "GER"]

1. e4 c5 2. Nf3 e6 3. d4 cxd4 4. Nxd4 Nf6 5. Nc3 Nc6 6. Nxc6 bxc6 7. e5 Nd5 8.
Ne4 Qc7 9. f4 Bb7 10. Be2 Qb6 11. Bd3 Be7 12. a4 O-O 13. Qh5 Ba6 14. Bxa6 Qxa6
15. Qf3 Qc4 16. c3 Rad8 17. g3 d6 18. Nd2 Qa6 19. exd6 Bxd6 20. b3 e5 21. f5
Rfe8 22. Ne4 Be7 23. Bd2 Qb6 24. Rb1 Rd7 25. Qf2 Qxf2+ 26. Nxf2 e4 27. Nd1 e3
28. Bc1 Bf6 29. c4 e2 30. cxd5 exd1=Q+ 31. Kxd1 Rxd5+ 32. Bd2 Red8 0-1

[Event "1. RSCO"]
[Site "Rostock"]
[Date "2002"]
[Round "3.3"]
[White "TASC CM 16 MHz - King 2.54"]
[Black "Mephisto Montreux"]
[Result "1/2-1/2"]
[WhiteElo "2370"]
[BlackElo "2196"]
[PlyCount "185"]
[EventDate "2002.??.??"]
[EventType "tourn"]
[EventRounds "7"]
[EventCountry "GER"]

1. d4 d5 2. c4 Bf5 3. Qb3 e5 4. cxd5 exd4 5. Nf3 Bc5 6. Nxd4 Bxd4 7. Qa4+ Nc6
8. dxc6 b6 9. e3 Bc5 10. Nc3 Nf6 11. Be2 O-O 12. O-O Qe7 13. Rd1 Rfe8 14. a3
Qe5 15. Bd2 Rad8 16. Be1 Bd6 17. Qh4 Be6 18. b4 Be7 19. Rd4 Ng4 20. Qg3 Qxg3
21. hxg3 Ne5 22. Rxd8 Rxd8 23. Nb5 Nxc6 24. Rc1 Bd7 25. Nxc7 Bd6 26. Nb5 Be5
27. f4 Bb8 28. Rd1 Be6 29. Rxd8+ Nxd8 30. Nd4 Bd7 31. Bf3 Bc7 32. g4 h6 33. f5
g6 34. Bd5 Kg7 35. b5 gxf5 36. gxf5 Be5 37. Bc3 Kg8 38. Kf2 Bxd4 39. exd4 Bxb5
40. Ke3 Kg7 41. Ke4 f6 42. Bd2 Bf1 43. Kf3 Nf7 44. Bf4 Bb5 45. Bb8 a6 46. Bc7
Bd7 47. g4 b5 48. Bb7 a5 49. Bxa5 h5 50. gxh5 Nd6 51. Bd5 Nxf5 52. Bc3 Be8 53.
Kf4 Ne7 54. Be4 Bxh5 55. d5 Kf7 56. Bd4 Bg6 57. Bf3 Bc2 58. Bc5 Ke8 59. Ke3 Kd7
60. Kd4 Nf5+ 61. Kc3 Bb1 62. Kb4 Bd3 63. Bg4 Kc7 64. Bf8 Kd7 65. Bh3 Ke8 66.
Bc5 Kd7 67. Ka5 Kc7 68. Bxf5 Bxf5 69. Kxb5 Bd3+ 70. Kb4 f5 71. Kc3 Be2 72. Be3
Bf3 73. Bf4+ Kc8 74. d6 Kd7 75. Kd4 Ke6 76. a4 Kd7 77. a5 Be2 78. Ke5 Bd3 79.
Kf6 Bc4 80. Kxf5 Bb5 81. Ke5 Be2 82. Kd5 Bf3+ 83. Kc5 Bb7 84. Bg5 Ba6 85. Kb6
Bd3 86. Be7 Be4 87. a6 Kc8 88. Kc5 Bf5 89. Bf6 Bg4 90. Kd5 Bh3 91. Kc6 Bg2+ 92.
Kc5 Kd7 93. Be7 1/2-1/2

[Event "1. RSCO"]
[Site "Rostock"]
[Date "2002"]
[Round "3.4"]
[White "Mephisto Montreux"]
[Black "TASC CM 16 MHz - King 2.54"]
[Result "1/2-1/2"]
[WhiteElo "2196"]
[BlackElo "2370"]
[PlyCount "218"]
[EventDate "2002.??.??"]
[EventType "tourn"]
[EventRounds "7"]
[EventCountry "GER"]

1. d4 Nf6 2. c4 e5 3. dxe5 Ne4 4. Nf3 Bb4+ 5. Bd2 Bc5 6. e3 Nc6 7. Nc3 Nxd2 8.
Qxd2 O-O 9. Nd5 a5 10. Be2 Re8 11. Qc3 d6 12. exd6 Qxd6 13. O-O Nb4 14. Rfd1
Bg4 15. a3 Nxd5 16. Rxd5 Qe7 17. Qc2 Bxf3 18. Bxf3 c6 19. Rd2 Rad8 20. Rad1 Bb6
21. Rxd8 Rxd8 22. Rxd8+ Bxd8 23. c5 Qe5 24. Be4 Bf6 25. Bxh7+ Kf8 26. g3 g6 27.
Bxg6 fxg6 28. Qxg6 Qxb2 29. Kg2 Be7 30. Qf5+ Ke8 31. Qc8+ Kf7 32. Qf5+ Qf6 33.
Qh5+ Qg6 34. Qe5 Qg5 35. Qc7 Qd5+ 36. Kg1 Qxc5 37. Qxb7 a4 38. h4 Qxa3 39. Qxc6
Qb3 40. h5 Qb1+ 41. Kg2 a3 42. Qd5+ Kg7 43. h6+ Kxh6 44. Qe6+ Qg6 45. Qxe7 a2
46. Qh4+ Kg7 47. Qd4+ Qf6 48. Qa7+ Qf7 49. Qa4 Qb7+ 50. e4 Qf7 51. f4 Kh7 52.
Qa3 Qe6 53. Kf3 Qc4 54. Qe7+ Kg8 55. Qe8+ Kg7 56. Qe5+ Kf7 57. Qh5+ Kf8 58.
Qf5+ Qf7 59. Qe5 Qb3+ 60. Kg2 Qb1 61. Qf6+ Ke8 62. Qe6+ Kd8 63. Qg8+ Kc7 64.
Qg7+ Kc6 65. Qf6+ Kb5 66. Qe5+ Kc4 67. Qd5+ Kc3 68. Qc5+ Kd3 69. Qd5+ Ke3 70.
Qc5+ Kxe4 71. Qc4+ Ke3 72. Qc3+ Ke2 73. Qe5+ Kd2 74. Qd4+ Qd3 75. Qb2+ Qc2 76.
Qe5 Kc1+ 77. Kh3 Qh7+ 78. Kg4 Qg6+ 79. Kf3 Qd3+ 80. Kg4 Kc2 81. Qc7+ Qc3 82.
Qh7+ Kb3 83. Qb7+ Qb4 84. Qa8 Qc4 85. Qf3+ Kb4 86. Qb7+ Kc3 87. Qa7 Qe6+ 88. f5
Qc4+ 89. Kh5 Qd5 90. Kg5 Qd2+ 91. Kg6 Qb2 92. Qe3+ Kc4 93. Qe4+ Kc5 94. Qe7+
Kc6 95. Qe6+ Kb5 96. Qe8+ Kb4 97. Qb8+ Ka3 98. Qa8+ Kb3 99. Qd5+ Kc2 100. Qe4+
Kd2 101. Qg2+ Kc3 102. Qc6+ Kd3 103. Qf3+ Kd4 104. Qf4+ Kd5 105. Qf3+ Kd6 106.
Qf4+ Kc6 107. Qc4+ Kb6 108. Qe6+ Ka7 109. Qf7+ Ka6 1/2-1/2

[Event "1. RSCO"]
[Site "Rostock"]
[Date "2002"]
[Round "3.5"]
[White "Mephisto Vancouver 32 Bit"]
[Black "Mephisto Polgar"]
[Result "1-0"]
[WhiteElo "2161"]
[BlackElo "1971"]
[PlyCount "73"]
[EventDate "2002.??.??"]
[EventType "tourn"]
[EventRounds "7"]
[EventCountry "GER"]

1. d4 Nf6 2. c4 g6 3. Nf3 Bg7 4. g3 d6 5. Bg2 O-O 6. Nc3 Nc6 7. O-O a6 8. h3
Rb8 9. e4 b5 10. cxb5 axb5 11. Be3 d5 12. e5 Ne8 13. Rc1 b4 14. Ne2 Rb6 15. Rc5
Ba6 16. Qd2 e6 17. Rfc1 Qd7 18. Ng5 h6 19. Nf3 Kh7 20. Qc2 b3 21. Qd2 bxa2 22.
b3 Nb4 23. Ra1 Bxe2 24. Qxe2 f6 25. Qd2 c6 26. Bf4 Qa7 27. Qc3 f5 28. Bd2 Nc7
29. Qb2 Nca6 30. Ra5 Qe7 31. Bf1 Nb8 32. Qa3 Rf7 33. Ra4 c5 34. dxc5 Nc2 35.
Qxa2 Qxc5 36. Rc1 Rfb7 37. Rxc2 1-0

[Event "1. RSCO"]
[Site "Rostock"]
[Date "2002"]
[Round "3.6"]
[White "Mephisto Polgar"]
[Black "Mephisto Vancouver 32 Bit"]
[Result "0-1"]
[WhiteElo "1971"]
[BlackElo "2161"]
[PlyCount "84"]
[EventDate "2002.??.??"]
[EventType "tourn"]
[EventRounds "7"]
[EventCountry "GER"]

1. e4 c6 2. d4 d5 3. Nc3 dxe4 4. Nxe4 Bf5 5. Ng3 Bg6 6. h4 h6 7. h5 Bh7 8. Nf3
Nd7 9. Bd3 Bxd3 10. Qxd3 Qc7 11. Bd2 e6 12. O-O-O Ngf6 13. c4 b5 14. Rde1 Be7
15. Ne5 O-O 16. f3 Rfb8 17. f4 c5 18. cxb5 cxd4+ 19. Nc6 Bd6 20. Kb1 Rb7 21.
Rc1 Nc5 22. Qf3 Rxb5 23. Ne7+ Bxe7 24. Qxa8+ Rb8 25. Qf3 Qb6 26. b4 Qa6 27. Ka1
Nd3 28. Rc6 Qa4 29. Rc4 Nxb4 30. Qb3 Qxb3 31. axb3 Nd3 32. Rxd4 Rxb3 33. Ne2
Ne4 34. Rxe4 Nf2 35. Rxe6 fxe6 36. Rb1 Ra3+ 37. Kb2 Ne4 38. Bc3 Rxc3 39. Nxc3
Bf6 40. Rc1 Nxc3 41. Rxc3 Bxc3+ 42. Kxc3 Kf7 0-1